Music Quiz

Random Music or Bands Quiz

Boy Bands Quiz Stats

 Plays Quiz Updated Oct 19, 2015

Also try: Girl Bands
Challenge
Share
Tweet
Score 0/18 Timer 06:00
2,082 Plays Today
% Correct
Jackson 5
95.5%
'N Sync
93.5%
One Direction
92.4%
Backstreet Boys
84.8%
Jonas Brothers
77%
Hanson
69.3%
New Kids on the Block
66.4%
98 Degrees
55.6%
Take That
32%
% Correct
Westlife
28.4%
The Wanted
28%
O-Town
25.4%
LFO
24.3%
Boyzone
21.7%
5ive
21.6%
Big Time Rush
19.3%
B2K
13.6%
BBMak
8.7%

You're not logged in!

Compare scores with friends on all Sporcle quizzes.
Join for Free
OR
Log In

You Might Also Like...

Show Comments

Extras

Top Quizzes Today


Score Distribution

Your Account Isn't Verified!

In order to create a playlist on Sporcle, you need to verify the email address you used during registration. Go to your Sporcle Settings to finish the process.

Report this User

Report this user for behavior that violates our Community Guidelines.

Details: